• 首页
  • 本馆介绍
  • 公告通知
  • 最新文献
  • 馆藏检索
  • 电子资源
  • 读者导购
  • 参考咨询
  • 我的图书馆
  • 登录
  • 详细信息显示
  • 放入我的书架
  • 预约/预借图书
  • 作者相关作品
  • 分类相关作品
  • 丛书相关作品
  • 出版社相关作品

书目信息

  • 表格格式
  • 工作单格式
  • 卡片格式
题名:
摩托车的结构保养与检修
    
 
作者: ;本书编写组 编
分册:  
出版信息: 北京   人民邮电出版社  1990.12
页数: 409页
开本: 26厘米
丛书名:
单 册:
中图分类: U483
科图分类: 87.3892
主题词: 摩托车--广播电视教育--教材
电子资源:
ISBN: 7-115-04443-0
000 00764nam0 2200229 45
001 0191021600
005 20070608150457.76
010    @a7-115-04443-0@dCNY26.00
100    @a19910829d1990 em y0chiy0121 ea
101 0  @achi
102    @aCN@b110000
105    @ay z 000yy
200 10 @a摩托车的结构保养与检修@AMO TUO CHE DE JIE GOU BAO YANG YU JIAN XIU@f《摩托车的结构保养与检修》编写组编@F《 MO TUO CHE DE JIE GOU BAO YANG YU JIAN XIU 》 BIAN XIE ZU BIAN
210    @a北京@c人民邮电出版社@d1990.12@h1998
215    @a409页@d26厘米
300    @a中央电视台电视讲座教材
606    @a摩托车@x广播电视教育@x教材
690    @aU483
692    @a87.3892
711 A2 @a本书编写组@ABEN SHU BIAN XIE ZU@4编
801  0 @aCN@bTSSF@c20070608
905    @a10447@dU483@e151
    
    摩托车的结构保养与检修/《摩托车的结构保养与检修》编写组编.-北京:人民邮电出版社,1990.12(1998)
    409页;26厘米
    中央电视台电视讲座教材
    
    ISBN 7-115-04443-0:CNY26.00
    
●
相关链接 在E读中查询图书 在五车中查询图书 在当当中查询图书 在豆瓣中查询图书


正题名:摩托车的结构保养与检修     索取号:U483/151         预约/预借

序号 登录号 条形码 馆藏地/架位号 状态 备注
1 0517494   205174942   第二样本阅览室/ [索取号:U483/151] 在馆    
唐山师范学院图书馆 欢迎您!
大连网信软件有限公司© 版权所有